Welcome to CU Library Online Public Access Catalogue (OPAC)

Intermediate Microeconomics: (Record no. 882)

MARC details
000 -LEADER
fixed length control field 00556nam a22001817a 4500
005 - DATE AND TIME OF LATEST TRANSACTION
control field 20241108133214.0
008 - FIXED-LENGTH DATA ELEMENTS--GENERAL INFORMATION
fixed length control field 241108b |||||||| |||| 00| 0 eng d
020 ## - INTERNATIONAL STANDARD BOOK NUMBER
International Standard Book Number 9780393926712
050 ## - LIBRARY OF CONGRESS CALL NUMBER
Classification number HB172
Item number .V34 VAR
100 ## - MAIN ENTRY--PERSONAL NAME
Personal name Varian Hal R.
245 ## - TITLE STATEMENT
Title Intermediate Microeconomics:
Remainder of title A modern approach
Statement of responsibility, etc. Hal R. Varian
250 ## - EDITION STATEMENT
Edition statement 6th Ed.
260 ## - PUBLICATION, DISTRIBUTION, ETC.
Place of publication, distribution, etc. New York;
Name of publisher, distributor, etc. W. W. Norton & Company;
Date of publication, distribution, etc. 2003;
300 ## - PHYSICAL DESCRIPTION
Extent xxiv. 688p. (various paging)
Other physical details ill. col.;
Dimensions 23 cm x 17 cm
500 ## - GENERAL NOTE
General note Includes Index
650 ## - SUBJECT ADDED ENTRY--TOPICAL TERM
Source of heading or term Microeconomics
942 ## - ADDED ENTRY ELEMENTS (KOHA)
Source of classification or shelving scheme Library of Congress Classification
Koha item type Books
Edition 6th Ed.
Suppress in OPAC No
999 ## -
-- 882
-- 882
Holdings
Withdrawn status Lost status Source of classification or shelving scheme Damaged status Not for loan Collection Home library Current library Shelving location Date acquired Total checkouts Full call number Barcode Date last seen Copy number Price effective from Koha item type
    Library of Congress Classification     Non-fiction Business Library (Miotso) Business Library (Miotso) General stacks 11/08/2024   HB172 FRA BSSM00000204 11/08/2024 1 11/08/2024 Books
© 2023-2024 Copyright: Central University Libraries. All Rights Reserved | Created by: Mahone Tech Office